000 00448nam a2200181Ia 4500
001 934
005 20260306140554.0
008 260306t2004||||xx |||||||||||||| ||spa||
041 _aESP
082 _a174.4
_bF81
100 _aFrancés Gómez, Pedro
_eAUT
245 0 _aÉtica de los negocios:
_binnovación y responsabilidad
260 _c2004
300 _a175 páginas :
_c21 cm.
650 _aGEN
654 _aCHU
942 _cLIB
_dJUS
_fJUS
_2ddc
_n
999 _c934
_d934